000 00259nam a2200097Ia 4500
008 240331s9999 xx 000 0 und d
082 _bCRE
100 _aLogo. ed
245 0 _aCreating a better world with victims of globalization :
_bLogos- Volume 41
942 _cL
999 _c2757
_d2757